|
|
|
|
| LEADER |
00000nam0a2200000 4500 |
| 001 |
107001 |
| 005 |
20231031115115.0 |
| 010 |
|
|
|a 5911801515
|
| 035 |
|
|
|a (RuTPU)RU\TPU\book\115540
|
| 090 |
|
|
|a 107001
|
| 100 |
|
|
|a 20061215d2007 km y0rusy50 ca
|
| 101 |
0 |
|
|a rus
|
| 102 |
|
|
|a RU
|
| 105 |
|
|
|a y z 001zy
|
| 200 |
1 |
|
|a Защита детей от жестокого обращения
|f под ред. Е. Н. Волковой
|
| 210 |
|
|
|a СПб.
|c Питер
|d 2007
|
| 215 |
|
|
|a 255 с.
|
| 225 |
1 |
|
|a Дети без семьи
|
| 320 |
|
|
|a Библиография в конце частей.
|
| 330 |
|
|
|a В книге впервые в России представлен концептуально обоснованный, обобщенный, структурированный материал о состоянии и перспективах развития системы защиты детей от насилия и жестокого обращения, основанный на научно-исследовательской и практической деятельности коллектива авторов. Представленные в книге материалы необходимы различным специалистам: практическим психологам, педагогам, социальным педагогам, педиатрам, инспекторам по делам несовершеннолетних, сотрудникам КДН и всем, кто работает с семьей и детьми. Как учебное пособие книга ориентирована на студентов гуманитарных вузов, обучающихся по специальностям «Психология», «Социальная педагогика», «Педагогика», магистров и аспирантов.
|
| 610 |
1 |
|
|a психология
|
| 610 |
1 |
|
|a дети
|
| 610 |
1 |
|
|a семья
|
| 610 |
1 |
|
|a насилие
|
| 610 |
1 |
|
|a жестокое обращение
|
| 610 |
1 |
|
|a девиантное поведение
|
| 610 |
1 |
|
|a беспризорники
|
| 610 |
1 |
|
|a защита
|
| 610 |
1 |
|
|a реабилитация
|
| 610 |
1 |
|
|a профилактика
|
| 610 |
1 |
|
|a США
|
| 610 |
1 |
|
|a Россия
|
| 686 |
|
|
|a Ю98
|v LBC/SL-A
|2 rubbk
|
| 702 |
|
1 |
|a Волкова
|b Е. Н.
|4 340
|
| 801 |
|
1 |
|a RU
|b 63413507
|c 20061215
|g PSBO
|
| 801 |
|
2 |
|a RU
|b 63413507
|c 20070219
|g PSBO
|
| 942 |
|
|
|c BK
|
| 959 |
|
|
|a 112/20061215
|d 1
|e 129,00
|f ЧЗГЛ:1
|